Využitie selektívnych sorbentov pre techniky úpravy vzorky a separáciu vysokoúčinnou kvapalinovou chromatografiou
Na minha lista:
| Autor principal: | |
|---|---|
| Outros Autores: | |
| Formato: | Manuscrito Livro |
| Idioma: | eslovaco |
| Publicado em: |
2025
|
| Assuntos: | |
| Acesso em linha: | http://is.stuba.sk/zp/portal_zp.pl?podrobnosti=171824 |
| Tags: |
Sem tags, seja o primeiro a adicionar uma tag!
|
MARC
| LEADER | 00000ntm a22000003a 4500 | ||
|---|---|---|---|
| 001 | stuzp86765 | ||
| 003 | SK-STU | ||
| 005 | 20250823210351.9 | ||
| 007 | ta | ||
| 008 | 150427s2015----xo-----f-mn---000-0-slo-d | ||
| 040 | |a STU |b slo | ||
| 041 | 0 | |a slo | |
| 100 | 1 | |a Špačková, Andrea |u 041000 |k Z3 |4 aut |U FCHPT Fakulta chemickej a potravinárskej technológie |T FCHPT Ústav analytickej chémie |X 65170 |U C1000 |Y 99 |7 65170 | |
| 242 | 0 | 1 | |a Use of selective sorbents for sample preparation techniques and separation by high performance liquid chromatography |y eng |
| 245 | 1 | 0 | |a Využitie selektívnych sorbentov pre techniky úpravy vzorky a separáciu vysokoúčinnou kvapalinovou chromatografiou |
| 260 | |c 2025 | ||
| 650 | 4 | |a zelená chémia |2 slo | |
| 650 | 4 | |a SPE |2 slo | |
| 650 | 4 | |a HPLC |2 slo | |
| 650 | 4 | |a polymér s odtlačkom molekuly |2 slo | |
| 650 | 4 | |a membrána |2 slo | |
| 650 | 4 | |a green chemistry |2 eng | |
| 650 | 4 | |a molecularly imprinted polymer |2 eng | |
| 650 | 4 | |a membrane |2 eng | |
| 650 | 4 | |a SPE |2 eng | |
| 650 | 4 | |a HPLC |2 eng | |
| 700 | 1 | |a Hroboňová, Katarína |u 041000 |k Z1 |4 ths |U FCHPT Fakulta chemickej a potravinárskej technológie |T FCHPT Ústav analytickej chémie |X 3931 |U C1000 |Y 99 |7 A000003931 | |
| 856 | 4 | |u http://is.stuba.sk/zp/portal_zp.pl?podrobnosti=171824 | |